000 00826nmm a2200289 a 4500
003 AR-BaBNM
005 20251128205050.0
008 011101s1992 ||||||||||||||000 | spa||
020 _a950-03-7168-5
040 _cAR-BaBNM
100 1 _aBarbeito, Alberto C.
245 1 0 _aLa modernización excluyente
_btransformación económica y estado de bienestar en Argentina
250 _a1ª ed.
260 _aBuenos Aires
_bLosada
_bUNICEF
_bCIEPP
_c1992
300 _a221 p.
_bgráfs., tablas
650 4 _aPOLITICA
650 4 _aPOLITICA ECONOMICA
650 4 _aMODERNIZACION
650 4 _aPOLITICA INDUSTRIAL
650 4 _aBIENESTAR SOCIAL
650 4 _aECONOMIA
651 4 _aArgentina
700 1 _aLo Vuolo, Rubén M.
700 1 _aBustelo Graffigna, Eduardo S.
_eprologuista
942 _cBK
998 _cEnrique
999 _c9842
_d9842